| 000 | 00691cam a2200265 4500 | ||
|---|---|---|---|
| 001 | J2467 | ||
| 008 | 090401t1993 xxu||||| |||| 00| 0 eng d | ||
| 035 | _a(Sirsi) u49185 | ||
| 041 | _aeng | ||
| 050 | _a333.335 | ||
| 110 |
_aJohn Clegg and Co. _9594 |
||
| 245 | 4 | _aThe rural property market: the influence of woods on property values in 1993: main report. | |
| 260 |
_aEdinburgh _bJohn Clegg and Co. _c1993 |
||
| 300 | _a26p. ; 30cm. | ||
| 350 | _a0 | ||
| 650 | _aFARM LAND | ||
| 650 | _aFARM WOODLANDS | ||
| 650 | _aFORESTRY | ||
| 650 | _aLAND PRICES | ||
| 650 | _aPROPERTY MARKET | ||
| 650 | _aWOODLANDS | ||
| 690 | _aRURAL PRACTICE | ||
| 942 | _n0 | ||
| 948 | _c04/03/1997 | ||
| 999 |
_c92515 _d92515 |
||